[Event "Challenge"]
[Site "http://www.queenalice.com/game.php?id=205281"]
[Date "2007.5.2"]
[Round "-"]
[White "JoniErmel"]
[Black "Koukin"]
[Result "1-0"]
[WhiteElo "1445"]
[BlackElo "1371"]

1. e4 e5 2. Nf3 d6 3. Nc3 a6 4. d4 Bg4 5. Bg5 Be7 6. Bc4 Nf6 7. dxe5 dxe5 8. h3
Bxf3 9. gxf3 h6 10. Bxf6 gxf6 11. Qxd8+ Bxd8 12. O-O-O Nc6 13. Rd2 Nb4 14. Nb5
Nxa2+ 15. Bxa2 axb5 16. Bb1 Ke7 17. Rhd1 c5 18. Rd7+ Ke8 19. Ba2 f5 20. Bxf7+
Kf8 21. R1d6 Rh7 22. Be6 Bg5+ 23. Kb1 b4 24. Rb6 1-0

[Event "Challenge"]
[Site "http://www.queenalice.com/game.php?id=205911"]
[Date "2007.5.4"]
[Round "-"]
[White "MagnoBaiao"]
[Black "JoniErmel"]
[Result "1-0"]
[WhiteElo "1731"]
[BlackElo "1459"]

1. e4 e5 2. Nf3 d6 3. Bc4 Nh6 4. d3 Nc6 5. Ng5 Be6 6. Bxe6 fxe6 7. Nxe6 Qe7 8.
Qh5+ Qf7 9. Nxc7+ Ke7 10. Qxf7+ Nxf7 11. Nxa8 Nd4 12. Na3 h5 13. Nc7 Rh6 14.
Bxh6 gxh6 15. Nd5+ Ke6 16. O-O Ne2+ 17. Kh1 h4 18. Rfe1 Nd4 19. Rac1 Nc6 20. b4
Ng5 21. f4 h3 22. fxg5 hxg5 23. Rf1 hxg2+ 24. Kxg2 Bg7 25. Rf5 g4 26. Rcf1 Nd4
27. Nc7+ Kd7 28. Rf7+ Kc6 29. Rxg7 Nf3 30. Kg3 Nd2 31. Rff7 Nf3 32. b5+ Kc5 33.
Ne6+ Kb6 34. Rxb7+ Ka5 35. Rxa7+ Kb4 36. Rgc7 Nd2 37. c3# 1-0

[Event "AUTO-OPEN-646"]
[Site "http://www.queenalice.com/game.php?id=206024"]
[Date "2007.5.4"]
[Round "1"]
[White "crubiov"]
[Black "JoniErmel"]
[Result "1-0"]
[WhiteElo "1950"]
[BlackElo "1523"]

1. e4 e5 2. Nf3 Nc6 3. Bc4 Qf6 4. Nc3 d6 5. O-O Qg6 6. Nd5 Bh3 7. Nxc7+ Kd7 8.
Nh4 Qg5 9. Nxa8 Be7 10. d4 Qxh4 11. gxh3 Qxh3 12. d5 h5 13. dxc6+ bxc6 14. f4
exf4 15. Qd4 Nf6 16. Qxa7+ Kd8 17. Bxf7 Nd5 18. exd5 Qg4+ 19. Kh1 Qd7 20. Qb8+
Qc8 21. Qb6+ Kd7 22. Qa7+ Kd8 23. Bd2 Qd7 24. Ba5+ 1-0

[Event "AUTO-OPEN-646"]
[Site "http://www.queenalice.com/game.php?id=206025"]
[Date "2007.5.4"]
[Round "1"]
[White "JoniErmel"]
[Black "crubiov"]
[Result "0-1"]
[WhiteElo "1500"]
[BlackElo "1904"]

1. e4 e5 2. Nf3 Nc6 3. Bb5 a6 4. Bxc6 dxc6 5. Nxe5 Qd4 6. Qh5 g6 7. Qg5 Qxe4+ 8.
Qe3 Qxg2 9. Nxg6+ Ne7 10. Nxe7 Qxh1+ 11. Ke2 Bg4+ 12. f3 Bxe7 13. b3 O-O-O 14.
Na3 Qg2+ 15. Qf2 Bxf3+ 16. Ke1 Qh1+ 17. Qf1 Bh4# 0-1

[Event "Let's Play Chess"]
[Site "http://www.queenalice.com/game.php?id=218028"]
[Date "2007.5.29"]
[Round "-"]
[White "LikeTheSalsa"]
[Black "JoniErmel"]
[Result "1-0"]
[WhiteElo "1384"]
[BlackElo "1527"]

1. e4 e5 2. Qh5 g6 3. Qxe5+ Ne7 4. Qxh8 Nbc6 5. Bc4 Nd4 6. Qxd4 a5 7. Qh8 Ra6 8.
Qxh7 Rf6 9. e5 Rf5 10. g4 Rf4 11. d4 d6 12. Bxf4 Be6 13. Bb5+ c6 14. Ba4 b5 15.
Bb3 a4 16. Bxe6 fxe6 17. exd6 Nd5 18. Qxg6+ Kd7 19. Nf3 Qf6 20. Ne5+ Kxd6 21.
Qh7 Qxf4 22. Qd7# 1-0

[Event "AUTO-OPEN-767"]
[Site "http://www.queenalice.com/game.php?id=248845"]
[Date "2007.7.31"]
[Round "1"]
[White "PedroNRF"]
[Black "JoniErmel"]
[Result "1-0"]
[WhiteElo "1720"]
[BlackElo "1432"]

1. Nf3 Nc6 2. Nc3 Nf6 3. d4 d5 4. Bf4 Bf5 5. e3 e6 6. Nb5 Bb4+ 7. c3 Bd6 8.
Nxd6+ cxd6 9. Bb5 a6 10. Bd3 O-O 11. O-O Rc8 12. h3 Qb6 13. Bxd6 Rfd8 14. Ba3
Na5 15. Ne5 1-0

[Event "AUTO-OPEN-767"]
[Site "http://www.queenalice.com/game.php?id=248846"]
[Date "2007.7.31"]
[Round "1"]
[White "JoniErmel"]
[Black "PedroNRF"]
[Result "0-1"]
[WhiteElo "1443"]
[BlackElo "1715"]

1. e4 Nc6 2. Nc3 Nf6 3. Nf3 e5 4. Bc4 Bc5 5. O-O Nd4 6. Nxe5 O-O 7. a4 d6 8.
Bxf7+ Rxf7 9. a5 dxe5 10. f3 Nxc2+ 11. d4 Bxd4+ 12. Kh1 Nxa1 13. Bg5 h6 14. Bh4
g5 0-1

[Event "AUTO-OPEN-767"]
[Site "http://www.queenalice.com/game.php?id=248865"]
[Date "2007.7.31"]
[Round "1"]
[White "dante72"]
[Black "JoniErmel"]
[Result "1-0"]
[WhiteElo "1859"]
[BlackElo "1367"]

1. d4 d6 2. e3 e5 3. c3 Nc6 4. Bb5 a6 5. Ba4 b5 6. Bc2 g6 7. d5 Na5 8. Ne2 Bg4
9. f3 Bh5 10. g4 Bxg4 11. fxg4 Qg5 12. Ng3 Nc4 13. e4 Qh4 14. b3 Na5 15. Qf3 Nh6
16. h3 g5 17. Be3 1-0

[Event "AUTO-OPEN-767"]
[Site "http://www.queenalice.com/game.php?id=248866"]
[Date "2007.7.31"]
[Round "1"]
[White "JoniErmel"]
[Black "dante72"]
[Result "0-1"]
[WhiteElo "1424"]
[BlackElo "1813"]

1. e4 e5 2. Qh5 d6 3. Bb5+ c6 4. Ba4 Nf6 5. Qf3 Bg4 6. Qb3 b5 7. Bxb5 cxb5 8.
Qxb5+ Qd7 9. Na3 Qxb5 10. Nxb5 Na6 11. c4 Be7 12. f3 Bd7 13. Nc3 Nc5 14. Ke2 O-O
15. b4 Nb7 0-1

[Event "AUTO-INT-556"]
[Site "http://www.queenalice.com/game.php?id=248903"]
[Date "2007.7.31"]
[Round "1"]
[White "roqqk"]
[Black "JoniErmel"]
[Result "1-0"]
[WhiteElo "1465"]
[BlackElo "1400"]

1. e4 e5 2. Nf3 d6 3. Bc4 Nh6 4. d3 Nc6 5. Ng5 Bg4 6. f3 f6 7. Ne6 Qe7 8. fxg4
b5 9. Bxb5 Qxe6 10. Bxc6+ Ke7 11. Bxa8 Nxg4 12. Bd5 Qd7 13. h3 c6 14. Qxg4 h5
15. Qxd7+ 1-0

[Event "AUTO-INT-556"]
[Site "http://www.queenalice.com/game.php?id=248904"]
[Date "2007.7.31"]
[Round "1"]
[White "JoniErmel"]
[Black "roqqk"]
[Result "0-1"]
[WhiteElo "1383"]
[BlackElo "1478"]

1. e4 e5 2. Qh5 Qf6 3. Nf3 Nc6 4. Bc4 Nd4 5. O-O Nxc2 6. Nxe5 g6 7. Bxf7+ Kd8 8.
d4 Nxa1 9. Bg5 gxh5 10. Bxf6+ Nxf6 11. Rc1 Bd6 12. Nc3 Bxe5 13. dxe5 Ng4 14. e6
Rf8 0-1

[Event "AUTO-INT-556"]
[Site "http://www.queenalice.com/game.php?id=248917"]
[Date "2007.7.31"]
[Round "1"]
[White "ZERDAX"]
[Black "JoniErmel"]
[Result "1-0"]
[WhiteElo "1651"]
[BlackElo "1411"]

1. e4 e5 2. Nf3 Nc6 3. Bb5 a6 4. Ba4 b5 5. Bb3 Na5 6. d3 Bb4+ 7. c3 Nxb3 8. Qxb3
a5 9. Nxe5 Qe7 10. f4 Nh6 11. O-O Bc5+ 12. d4 a4 13. Qd1 d6 14. Nc6 Qxe4 15. Re1
Bg4 16. Qd2 1-0

[Event "AUTO-INT-556"]
[Site "http://www.queenalice.com/game.php?id=248918"]
[Date "2007.7.31"]
[Round "1"]
[White "JoniErmel"]
[Black "ZERDAX"]
[Result "0-1"]
[WhiteElo "1423"]
[BlackElo "1644"]

1. e4 e5 2. Nf3 Nc6 3. Nc3 Nf6 4. Bc4 Bc5 5. O-O O-O 6. d3 d6 7. a4 Bg4 8. h3
Bh5 9. g4 Bg6 10. a5 d5 11. exd5 Nd4 12. g5 Nd7 13. d6 cxd6 14. Be3 Nxf3+ 15.
Qxf3 Bb4 0-1

[Event "AUTO-INT-556"]
[Site "http://www.queenalice.com/game.php?id=248927"]
[Date "2007.7.31"]
[Round "1"]
[White "JoniErmel"]
[Black "mrparkerpawn"]
[Result "0-1"]
[WhiteElo "1367"]
[BlackElo "1640"]

1. e4 c5 2. c4 Nc6 3. Nf3 Nf6 4. b3 Nxe4 5. Nc3 Nxc3 6. dxc3 d6 7. Bd3 e5 8. Bg5
f6 9. Be3 Be7 10. Be4 Qa5 11. Qd2 O-O 12. b4 cxb4 13. Bd5+ Kh8 14. O-O bxc3 15.
Qc1 Nb4 0-1

[Event "AUTO-INT-556"]
[Site "http://www.queenalice.com/game.php?id=248928"]
[Date "2007.7.31"]
[Round "1"]
[White "mrparkerpawn"]
[Black "JoniErmel"]
[Result "1-0"]
[WhiteElo "1496"]
[BlackElo "1478"]

1. d4 d6 2. e3 Nf6 3. Bd3 c5 4. f4 e6 5. c3 b6 6. Nd2 cxd4 7. cxd4 Nc6 8. a3 Bb7
9. Ngf3 h6 10. O-O d5 11. Ne5 Nxe5 12. fxe5 Nd7 13. Qf3 Rc8 14. Qxf7# 1-0